Foreign-Born Population: Ottawa Quiz Stats

 Plays Quiz not verified by Sporcle

Support Sporcle.
Go Orange.
Score 0/30 Timer 05:00
0 Plays Today
Number of Immigrants Country % Correct
19,160China
98.5%
8,820USA
97.1%
9,120India
97.1%
17,780UK
95.6%
4,175Germany
95.6%
3,675Pakistan
94.1%
2,130France
92.6%
2,830Russia
92.6%
5,460Italy
91.2%
2,490Bangladesh
89.7%
6,115Vietnam
89.7%
4,140Poland
88.2%
7,385Philippines
88.2%
2,915Jamaica
86.8%
2,800Iraq
86.8%
Number of Immigrants Country % Correct
1,495South Korea
86.8%
4,180Iran
86.8%
5,990Haiti
83.8%
1,405Colombia
83.8%
2,290Portugal
83.8%
2,255Romania
83.8%
2,050Netherlands
80.9%
1,540Ukraine
80.9%
2,805Egypt
79.4%
1,660Afghanistan
76.5%
9,800Lebanon
73.5%
2,800Sri Lanka
73.5%
1,800Ethiopia
72.1%
1,820El Salvador
69.1%
1,365Bosnia and Herzegovina
48.5%

You're not logged in!

Compare scores with friends on all Sporcle quizzes.
OR
Log In

From the Vault

16 Little 9-Letter Word Pictograms

by bhenderson79

This is a bombshell of a quiz.
Remove Ads.
Support Sporcle.
Get the best of Sporcle when you Go Orange. This ad-free experience offers more features, more stats, and more fun while also helping to support Sporcle. Thank you for becoming a member.

Show Comments

Extras

Top Quizzes Today


Score Distribution

Your Account Isn't Verified!

In order to create a playlist on Sporcle, you need to verify the email address you used during registration. Go to your Sporcle Settings to finish the process.

Report this User

Report this user for behavior that violates our Community Guidelines.

Details: